00941cam a22002651 4500001000500000005001700005008004100022020001800063040003400081050001700115082000900132100004300141245005100184260003100235300004000266490003200306505000800338520012100346521002000467521002000487650006300507650003100570650003200601655004200633137520230822155445.0751204s1958 ilua j 000 1 eng  a9780807553916 aDLCcWadDLCdOCoLCdDLCbeng00aPZ7.W244bMy aFic 1 aWarner, Gertrude Chandler,d1890-1979.10aMystery ranch.cIllustrated by Dirk Gringhuis. aChicago,bA. Whitmanc1958 a127 pages :billustrations;c20 cm. aThe boxcar childrenvBook 4 aO  aViolet and Jessie begin an adventure when they journey to Centerville to keep Aunt Jane company on the family ranch. a600 bLexile  aO bRaz-Plus  0aBoxcar children (Fictitious characters)vJuvenile fiction. 0aOrphansvJuvenile fiction. 0aFamiliesvJuvenile fiction. 7aDetective and mystery stories.2gsafd